000 00325nam a22001337a 4500
005 20250901165819.0
008 250408b |||||||| |||| 00| 0 eng d
020 _a9789966225634
050 _aPR 9389.9 .N35 2007
245 _aMAN FROM MACHAKOS
_cMAILLU DAVID
260 _aNAIROBI
_bJKF
_c2007
300 _a149
942 _2lcc
999 _c9558
_d9558